MDQL
is popping MORE tags! Check the
thread
!
Quizzes
Events
Quiz Creation
Community
Videos
Private Events
Remove Ads
Sign In
Join for FREE
Feedback
Dark Mode
Quiz Categories
Sports
Geography
Music
Movies
Television
Just For Fun
Miscellaneous
History
Literature
Language
Science
Gaming
Entertainment
Religion
Holiday
For Kids
Quiz Lab
Recent
Popular Today
Quiz Kudos Today
Editor Picks
Curator Picks
Quizzes by...
Day
Popularity
Type
Ratings
Length
Year
Community
Subscriptions
Recent Discussions
Orange Saloon
Badges
Playlists
Quests
Create
Leaderboards
Showdown
Live 5
Trivia Bingo
Activity
Puzzle Library
Sporcle Events
Private Events
Virtual Trivia
Globe League
Become a Host
Pub Owners
SporcleCon
Opinionation
Our Games
Videos
Blog
Mobile Apps
Partnerships
Remove Ads and Go Orange
Feedback
Gaming
Video Games
Board Games
Card Games
Pokémon
Mario
Nintendo
Minecraft
Console
Toys
Legend of Zelda
Gaming
Video Games
Board Games
Card Games
Pokémon
Mario
Nintendo
Minecraft
Console
Toys
Legend of Zelda
Random Quiz
Search Sporcle
×
Quiz Lab
Quiz Lab
Gaming
Nintendo
Type in answers that appear in a list
Type in answers that appear in a list
Classic
Best Score? Go Orange.
Pokemon Name Meanings (1st gen) Stats
Can you name the 1st generation Pokemon by their name meanings?
By
KittyHakuChan
15m
151 Questions
593 Plays
593 Plays
593 Plays
Comments
Comments
Give Quiz Kudos
Give Quiz Kudos
-
- Ratings
hide this ad
More Info
Forced Order
Answers have to be entered in order
Answers have to be entered in order
Random Order
Randomize order of answers
Randomize order of answers
Replay
Link that replays current quiz
Next Quiz
Link to next quiz in quiz playlist
You Got
0%
They Got
Avg Score
63%
Avg Friend Score
Upgrade to see
Score Distribution
Jump to the score distribution portion of the page
Score
0/151
Timer
15:00
0
Plays Today
Name Meaning
Pokemon Name
% Correct
Golden + Duck
Golduck
69.8%
Cue + Bone
Cubone
69.3%
Snore + Relax
Snorlax
69.1%
'Cobra' backwards (sort of)
Arbok
69.1%
Psychic + Duck
Psyduck
69.1%
Bulb + Dinosaur
Bulbasaur
69%
Dragon + Knight
Dragonite
69%
Macho + Choke
Machoke
68.8%
Sand + Slash
Sandslash
68.8%
Aero + Pterodactyl
Aerodactyl
68.8%
Jolt + Eon
Jolteon
68.8%
Bee + Drill
Beedrill
68.8%
The second Mew
Mewtwo
68.8%
Odd + Raddish
Oddish
68.6%
Volt + Orb
Voltorb
68.6%
Jiggly + Puff
Jigglypuff
68.5%
Third magic word used by magicians
Alakazam
68.5%
War + Tortoise + Turtle
Wartortle
68.3%
Caterpillar
Caterpie
68.3%
Flare + Eon
Flareon
68.3%
Star + You
Staryu
68.1%
Char + Chameleon
Charmeleon
68.1%
Butterfly + Free
Butterfree
68.1%
Pony
Ponyta
68.1%
Magnet + Mite
Magnemite
68.1%
Hypnotic
Hypno
68.1%
Water Vapor + Eon
Vaporeon
68.1%
Squirt + Turtle
Squirtle
68%
Metamorphosis + Pod
Metapod
68%
Sand + Shrew
Sandshrew
68%
Dig + Trio
Dugtrio
68%
Poliwog + Whirl
Poliwhirl
68%
Macho + Champion
Machamp
68%
Arctic + Spainish for 'one'
Articuno
68%
Second magic word used by magicians
Kadabra
67.8%
Vulpus(fox) + Six
Vulpix
67.8%
Ivy + Dinosaur
Ivysaur
67.8%
Zoo + Bat
Zubat
67.8%
Venom + Gnat
Venonat
67.8%
Char + Salamander
Charmander
67.6%
Venom + Moth
Venomoth
67.6%
Growl + Lithium(a flammable substance)
Growlithe
67.6%
One who haunts
Haunter
67.6%
Hit + Monster + Jackie Chan
Hitmonchan
67.6%
Magic + Karp
Magikarp
67.5%
'Snake' backwards
Ekans
67.5%
Tentacle + Cool
Tentacool
67.5%
Rapid + Dash
Rapidash
67.5%
Seahorse
Horsea
67.3%
Tentacle + Cruel
Tentacruel
67.3%
Zap + Spainish for 'two'
Zapdos
67.3%
Name Meaning
Pokemon Name
% Correct
Monkey
Mankey
67.1%
Dodo + Duo
Doduo
67.1%
Grime
Grimer
67.1%
One who is slow
Slowpoke
67.1%
Sound a cat makes (American)
Meowth
67.1%
Poliwog
Poliwag
67.1%
Hit + Monster + Bruce Lee
Hitmonlee
67.1%
Magnet + Ton
Magneton
66.9%
Spear + Sparrow
Spearow
66.9%
Dragon + Air
Dragonair
66.9%
Rat + Eradicate
Raticate
66.8%
Parasite + Insect
Parasect
66.8%
Brother of the one who is slow
Slowbro
66.6%
Goldfish + Queen
Goldeen
66.6%
Scythe
Scyther
66.6%
Venus(flytrap) + Dinosaur
Venusaur
66.4%
Weed + Beetle
Weedle
66.4%
Arcane + Canine
Arcanine
66.4%
Bell + Sprout
Bellsprout
66.4%
Word meaning 'earth' + Dude
Geodude
66.4%
Char + Lizard
Charizard
66.3%
Onyx(type of stone)
Onix
66.3%
Wheezing
Weezing
66.3%
Dragon + Tiny
Dratini
66.1%
Coughing
Koffing
66.1%
Poliwog + Wrath
Poliwrath
66.1%
Wiggly + Tough
Wigglytuff
66.1%
Gloomy
Gloom
66.1%
King + Angler
Kingler
66.1%
Magma
Magmar
66.1%
Star + Me
Starmie
65.9%
Fear + Sparrow
Fearow
65.9%
Musical sign + Fairy
Clefairy
65.9%
Parasite
Paras
65.9%
Blast + Tortoise
Blastoise
65.8%
Ghoul + Bat
Golbat
65.8%
A man who is a mime
Mr. Mime
65.8%
Seal
Seel
65.6%
Dew + Dugong(type of sea animal)
Dewgong
65.6%
Rhino + Horn
Rhyhorn
65.6%
Tangle
Tangela
65.6%
Molten + Spainish for 'three'
Moltres
65.6%
Another alteration of 'pidgeon'
Pidgeot
65.4%
Alteration of 'Pidgeon'
Pidgeotto
65.4%
Muck
Muk
65.4%
Electric + Explode
Electrode
65.4%
Rhino + Don(boss)
Rhydon
65.4%
Lap(swimming) + Rest
Lapras
65.3%
Ghastly + Gas
Gastly
64.9%
Macho + Karate chop
Machop
64.9%
Gravel
Graveler
64.9%
Name Meaning
Pokemon Name
% Correct
Primate + Ape
Primeape
64.8%
Cloister
Cloyster
64.8%
First magic word used by magicians
Abra
64.6%
Rat
Rattata
64.6%
Weeping(willow) + Bell
Weepinbell
64.1%
Pidgeon
Pidgey
64.1%
Cacoon
Kakuna
64.1%
Word meaning 'twin' + Queen
Nidoqueen
63.9%
Dig + Little
Diglett
63.9%
Electric + Buzz
Electabuzz
63.7%
Crab
Krabby
63.6%
Musical sign + Fable
Clefable
63.4%
Type of cat
Persian
63.4%
Japanese for 'spark' + Sound a mouse makes
Pikachu
63.2%
Creature with nine tails
Ninetales
63.1%
Chance
Chansey
62.7%
Polygon
Porygon
62.6%
Japanese for 'lightning' + sound a mouse makes
Raichu
62.6%
Mythological bull
Tauros
62.6%
Dodo + Trio
Dodrio
62.1%
Drowsy
Drowzee
62.1%
Victory + Tree + Bell
Victreebel
61.9%
Marrow + Whack
Marowak
61%
Lick + Tongue
Lickitung
60.7%
Sea + Dragon
Seadra
60.7%
Kangaroo + Ghengis Khan
Kangaskhan
60.5%
Pincer
Pinsir
59.5%
Word meaning 'twin' + King
Nidoking
59.4%
From the word meaning 'to evolve'
Eevee
59.4%
Shellfish
Shellder
59%
Type of fossil + Star
Omastar
58.3%
King of the Sea
Seaking
58.3%
Japanese for 'shadow'
Gengar
57.2%
Egg + Execute
Exeggcute
56.2%
Type of fossil
Omanyte
54.6%
Gyakusatsu(Japanese for 'slaughter') + Dosu(Japanese for 'piercing of flesh')
Gyarados
54%
Word meaning 'the same'
Ditto
53.8%
Egg + Executor
Exeggutor
53.6%
Word meaning 'twin' + Run
Nidoran (female)
53.5%
Mythical creature of stone
Golem
50.9%
Word meaning 'twin' + Run
Nidoran (male)
50.4%
Word meaning 'twin' + Spainish for 'fight'(masculine)
Nidorino
50.3%
Word meaning 'twin' + Spainish for 'fight'
Nidorina
48.9%
Word meaning 'far from expected'
Farfetch'd
46.4%
Sound a cat makes (Japanese)
Mew
42.7%
Japanese for 'helmet'
Kabuto
40.1%
Japanese for 'helmet' + Top
Kabutops
39.3%
Word meaning 'to curse'
Jynx
32.4%
Word meaning 'evil' + French penholder
Vileplume
19.9%
Quiz Playlist
Details
Report
Send in Message
Add To Playlist
More Info:
Try to guess the Pokemon from the first generation given its name meaning. Answers must be in order. Generation 2 will be coming soon!
Classic:
Type in answers that appear in a list
Forced Order:
Answers have to be entered in order
Random Order:
Randomize order of answers
Last Updated: Feb 16, 2017
Quiz Scoreboard
CHALLENGE
Sign Up to Join the Scoreboard
Show All
Scores
Hide
Comments
May contain spoilers
Recently Published
1-10 Letter E Words III
by El_Dandy
Language
2m
Street Fighter Characters
by Artimus82
Gaming
60s
College Basketball Coaching Resumes
by pancakes188
Sports
9m
More to Explore
Quiz From the Vault
Featured Blog Post
Where Did the Easter Bunny Come From?
hide this ad
You Might Also Like...
Tags
Nintendo Quiz
Pokémon Quiz
Generation 1
Today's Top Quizzes in Gaming
Browse Gaming
hide this ad
Today's Top Quizzes in Nintendo
Browse Nintendo
Top Contributed Quizzes in Gaming
1
5-to-1: Consoles
2
7-to-1: Board Game Piece Blitz
3
5-to-1: Legend of Zelda
4
League of Legends Pro Players by Career/Team History
5
Destiny 2 exotic weapons by perk icons
6
Ultimate Genshin Impact Logic Puzzle (up to 4.3)
7
Quick Pick: Video Games Lost in Translation
8
Franchise by Action Figure
9
Who's on the WWE 2K24 Cover?
10
Genshin Impact Logic Puzzle Quiz
Explore More
Trending Topics
NBA
Disney
Crossword
Marvel
Kpop
Harry Potter
Anime
Song
Country
Soccer
Puzzle
Pokémon
NFL
The Office
WWE
hide this ad
More By:
KittyHakuChan
Quiz
Plays
Rating
Category
Featured
Created
Every Pokemon, All Gens (no legendaries or starters)
5,900
5.00
Gaming
May 12, 2011
Pokemon Attacks - Gen 3
2,770
5.00
Gaming
Feb 7, 2013
Pokemon Attacks - Gen 2
2,653
5.00
Gaming
Feb 7, 2013
Pokemon Attacks - Gen 4
1,616
5.00
Gaming
Feb 7, 2013
DBZ BT3 Characters plus transformations
1,480
4.60
Gaming
Dec 15, 2010
Go to Creator's Profile
Score Distribution
Quiz Creator Spotlight
KittyHakuChan
Follow
Send a Message
Quizzes Created
-
Created Quiz Play Count
-
More By This Creator
Popular Quizzes Today
1
Find the US States - No Outlines Minefield
2
Find the Countries of Europe - No Outlines Minefield
3
The Countries of the World
4
Find the US States
5
Risky Map Clicking: Biggest States A-Z
6
US States
7
Popular People in 1961
8
Movies - When Are They Set?
More Gaming Quizzes
Almost a Gaming Sorting Gallery
Published
Trending Quizzes
Risky Map Clicking: Least Populous States A-Z
1-10 Letter G Words
USA Borders Longest to Shortest
1-10 Letter F Words
Countries of the World: 200 Million BC
Recently Updated
Leaping Animals
pecheneg
Reality TV Shows (A-Z)
bhenderson79
Rickey Henderson's Hall of Fame Teammates
pecheneg
Champions League XIs: Arsenal
pecheneg
Quick Pick: Celebrities in WWE's Hall of Fame
aduchscher
A-Z Keypad Blitz II
pecheneg
Multiple Oscar Actors
pecheneg
Mystery Phrase Blitz: Oscar 'Best Actors'
pecheneg
F. Scott Fitzgerald Novels
LTH
Pick 3 Villains
ddd62291
Trending Topics
Anime
Crossword
Kpop
NBA
Harry Potter
Disney
Marvel
Puzzle
Country
Song
NFL
WWE
Pokémon
The Office
Soccer
Your Account Isn't Verified!
In order to create a playlist on Sporcle, you need to verify the email address you used during registration. Go to your
Sporcle Settings
to finish the process.
Report this User
Report this user for behavior that violates our
Community Guidelines
.
Details:
Send Report
Go to the Sporcle.com Mobile Site →
Comments